| 000 | 00570cam a22001692a 4500 | ||
|---|---|---|---|
| 001 | 001282 | ||
| 003 | AR-FADEU | ||
| 008 | 311216noctu####xxu####################dd | ||
| 100 | _aGonzalez, Fany Soledad | ||
| 245 | _aLa cinematografía y el desarrollo de sus equipos de sonido. Procesador de sonido cinematográfico Digital Modelo Dolby CP500 | ||
| 260 | _bUniversidad Nacional del Comahue | ||
| 260 | _aNeuquén | ||
| 260 | _coctubre 2005 | ||
| 440 | _aPrácticas Profesionales | ||
| 650 | _aCINEMATOGRAFIA-EQUIPOS; PROCESADOR DE SONIDO/TRADUC/ | ||
| 942 | _cFOLLETO | ||
| 999 |
_c1769 _d1769 |
||